<?xml version="1.0" encoding="UTF-8"?>
<marc:record xmlns:marc="http://www.loc.gov/MARC21/slim">
   <marc:leader>00000nam a2200000 a 4500</marc:leader>
   <marc:datafield ind1="1" ind2=" " tag="100">
      <marc:subfield code="a">Huber, Gerhard</marc:subfield>
      <marc:subfield code="4">aut</marc:subfield>
      <marc:subfield code="e">Verfasser/-in</marc:subfield>
   </marc:datafield>
   <marc:datafield ind1=" " ind2=" " tag="653">
      <marc:subfield code="a">Burnout-Syndrom</marc:subfield>
   </marc:datafield>
   <marc:datafield ind1="0" ind2="0" tag="245">
      <marc:subfield code="a">Burnout-Depressionen</marc:subfield>
   </marc:datafield>
   <marc:datafield ind1="0" ind2="0" tag="245">
      <marc:subfield code="b">Fluch oder Segen</marc:subfield>
   </marc:datafield>
   <marc:datafield ind1=" " ind2="1" tag="264">
      <marc:subfield code="c">2008</marc:subfield>
   </marc:datafield>
   <marc:datafield ind1="1" ind2=" " tag="520">
      <marc:subfield code="a">Dieses Buch beschreibt meinen Weg in das Burnout, in die Depression. Es zeigt die Phase, in der ich noch selbst gegensteuern hätte können, wenn ich um die Symptome Bescheid gewusst und sie ernst genommen hätte, bis hin in meine tiefste Verzweiflung, in der alles möglich schien, sogar das Schlimmste. Aber noch viel wichtiger erzählt es, wie ich die Wende zu Heilung und Gesundheit geschafft habe, die ersten Schritte der Heilung, von meiner Zeit als Senner auf der Alm auf 2.000 m Seehöhe und wie ich dort oben meinen Glauben gefunden habe und an was ich glaube...</marc:subfield>
   </marc:datafield>
   <marc:datafield ind1=" " ind2=" " tag="020">
      <marc:subfield code="a">9783200013957</marc:subfield>
      <marc:subfield code="9">9783200013957</marc:subfield>
   </marc:datafield>
   <marc:datafield ind1=" " ind2=" " tag="300">
      <marc:subfield code="a">136 S</marc:subfield>
   </marc:datafield>
</marc:record>
